Análisis y ensayos para incrementar la eficiencia de tratamiento de biofiltros en países de clima tropical
Se basa en la implementación de medidas con el fin de incrementar la eficiencia de tratamiento de Biofiltros en países de clima tropical, usando como referencia evaluaciones del Biofiltro Masaya, así como de un Biofiltro de flujo vertical a escala piloto en el cual se efectuaron una serie de ensa...
| Main Author: | |
|---|---|
| Other Authors: | |
| Format: | Tesis Section = Libro |
| Language: | Undetermined Spanish |
| Published: |
Managua
UNI
2000
|
| Subjects: |
| LEADER | 01284nam a2200241Ia 4500 | ||
|---|---|---|---|
| 008 | 240830s9999 xx 000 0 und d | ||
| 040 | |a BIBLIOTECA-RUSB/ Mon 628.3 G939 | ||
| 041 | |a spa | ||
| 082 | |a Mon 628.3 G939 | ||
| 100 | 1 | |a Guevara Vásquez, Martha Leonor | |
| 245 | 1 | 0 | |a Análisis y ensayos para incrementar la eficiencia de tratamiento de biofiltros en países de clima tropical |
| 260 | |a Managua |b UNI |c 2000 | ||
| 300 | |a 161 p. :il. | ||
| 500 | |a Contiene: anexos. | ||
| 502 | |a Tesis (Ingeniero Químico) - UNI, 2000. | ||
| 520 | 3 | |a Se basa en la implementación de medidas con el fin de incrementar la eficiencia de tratamiento de Biofiltros en países de clima tropical, usando como referencia evaluaciones del Biofiltro Masaya, así como de un Biofiltro de flujo vertical a escala piloto en el cual se efectuaron una serie de ensayos con respecto a su operación y/o funcionamiento, con el fin de evaluar su eficiencia en cuanto a la remoción de contaminantes en las aguas residuales domésticas. | |
| 650 | 7 | |a TRATAMIENTO Y ELIMINACION DE LAS AGUAS NEGRAS-BIOFILTROS | |
| 650 | 7 | |b ANALISIS, TRATAMIENTO, CONTAMINACION | |
| 650 | 7 | |c CONTAMINACION DEL MEDIO AMBIENTE | |
| 700 | 1 | |a Tutor: |b Platzer, Michael | |
| 942 | |c BK |2 ddc | ||
| 991 | |a TESIS | ||
| 999 | |c 20478 | ||